LEADER 01537nam a2200289 u 4500 001 000000006452 003 CaOOAMICUS 005 20070226104856.0 008 940516s1977 pl af u000 u ita u 035 $a10166902 040 $aBAV$bita 100 1 $aBili?ski, Bronis?aw.$0(OLS)http://pul/name/3848 245 10$aBiblioteca e centro di studi a Roma dell'Accademia polacca delle scienze nel 50. anniversario della fondazione, 1927-1977 /$cBronis?aw Bili?ski. 260 $aWroc?aw :$bZak?ad Narodowy im. Ossoli?skich,$c1977. 300 $a267 p., [24] leaves of plates :$bill. ;$c24 cm 490 1 $aConferenze e studi (Polska Akademia Nauk. Stacja Naukowa w Rzymie) ;$v70 500 $aIncludes index. 504 $aBibliography: p. [233]-243. 610 20$aPolska Akademia Nauk.$bStacja Naukowa w Rzymie$xHistory.$2//eng$0(OLS)http://pul/subject/5755 710 22$aPolska Akademia Nauk.$bStacja Naukowa w Rzymie.$0(OLS)http://pul/name/2658 830 0$aConferenze e studi (Polska Akademia Nauk. Stacja Naukowa w Rzymie) ;$v70.$0(OLS)http://pul/title/9493 850 $aPUL 852 $aPUL$W1$xSL Filosofia 1$y2$m130 C 38$j9163$nBK-PRI$b $qStampati$B9163$CPULBib$Z2$F9163 $H $81 941 1 $a8 961 $aINV: 44358 996 $6245$aBiblioteca e centro di studi a Roma dell'Accademia polacca delle scienze nel 50. anniversario della fondazione, 1927-1977$9(OLS)http://pul/title/9492 996 $6260$aWroc?aw :$bZak?ad Narodowy im. Ossoli?skich$9(OLS)http://pul/publisher/51301 LEADER 01519nam a2200325 u 4500 001 000000049239 003 CaOOAMICUS 005 20070226115104.0 008 000622s1999 it u000 u ita u 020 $a8870883035 035 $a10850710 040 $aPUL$bita$dAAR 041 0 $aita$aeng$afre 245 03$aLa Repubblica di Platone nella tradizione antica /$ca cura di Mario Vegetti e Michele Abbate. 260 $aNapoli :$bBibliopolis,$cc1999. 300 $a255 p. ;$c22 cm 490 1 $aSaggi Bibliopolis ;$v60 500 $a"Questo volume raccoglie ... le relazioni presentate a due convegni tenutisi presso il Dipartimento di Filosofia dell'Università di Pavia rispettivamente nel gennaio del 1997 e nell'aprile del 1998..."--pref. 504 $aBibliografia in nota. 600 04$aPlato,$d427-347 a.C.$tRespublica$9(Plato, 427-347 a.C.).$0(OLS)http://pul/subject/20749 700 1 $aAbbate, Michele,$d1922-$0(OLS)http://pul/name/22805 700 1 $aVegetti, Mario,$d1937-$0(OLS)http://pul/name/35258 830 0$aSaggi Bibliopolis ;$v60.$0(OLS)http://pul/title/3577 850 $aPUL 852 $aPUL$W1$xSL Filosofia 1$y2$m81 D 80$j65456$nBK-PRI$b $qStampati$B65456$CPULBib$Z2$F65456 $H $81 941 1 $a8 961 $aINV: 82333 996 $6020$a8870883035$9(OLS)http://pul/number/62153 996 $6245$aLa Repubblica di Platone nella tradizione antica$9(OLS)http://pul/title/66387 996 $6260$aNapoli :$bBibliopolis$9(OLS)http://pul/publisher/49069 LEADER 01044nam a2200277 a 4500 001 000000150248 003 CaOOAMICUS 005 20160309150251.0 008 160309s1970 it u000 u ita r 032 $aLibriCat 040 $aPUL$bita 041 1 $aita$heng 100 1 $aBalestro, Piero.$0(OLS)http://pul/name/94401 245 10$aTestimonianza cristiana in un mondo secolarizzato /$cPiero Balestro. 260 $aTorino :$bP. Gribaudi,$c1970. 300 $a104 p. ;$c19 cm. 490 1 $aIn avanti ;$v01 504 $aBibliografia in nota. 650 4$aCristianesimo$ySec. XX.$0(OLS)http://pul/subject/38286 830 0$aIn avanti ;$v01.$0(OLS)http://pul/title/189349 850 $aPUL 852 $aPUL$W1$xDP1 Fondo Bordoni$y120$m3 L 64$j167921$qFondi$B174755$CPULBib$Z2$F174755 $HBor206 $81 941 1 $a1 996 $6245$aTestimonianza cristiana in un mondo secolarizzato$9(OLS)http://pul/title/189348 996 $6260$aTorino :$bP. Gribaudi$9(OLS)http://pul/publisher/50770